Artificial intelligence : (Record no. 19086)
[ view plain ]
| 000 -LEADER | |
|---|---|
| fixed length control field | 01077pam a2200325 a 4500 |
| 001 - CONTROL NUMBER | |
| control field | 015370891 |
| 003 - CONTROL NUMBER IDENTIFIER | |
| control field | OSt |
| 005 - DATE AND TIME OF LATEST TRANSACTION | |
| control field | 20150322111625.0 |
| 008 - FIXED-LENGTH DATA ELEMENTS--GENERAL INFORMATION | |
| fixed length control field | 090825s2010 maua b 001 0 eng d |
| 015 ## - NATIONAL BIBLIOGRAPHY NUMBER | |
| National bibliography number | GBA990606 |
| Source | bnb |
| 020 ## - INTERNATIONAL STANDARD BOOK NUMBER | |
| International Standard Book Number | 9780132071482 |
| 020 ## - INTERNATIONAL STANDARD BOOK NUMBER | |
| International Standard Book Number | 0132071487 |
| 040 ## - CATALOGING SOURCE | |
| Original cataloging agency | StDuBDS |
| Language of cataloging | eng |
| Transcribing agency | StDuBDS |
| Modifying agency | Uk |
| 042 ## - AUTHENTICATION CODE | |
| Authentication code | ukblcatcopy |
| 082 00 - DEWEY DECIMAL CLASSIFICATION NUMBER | |
| Classification number | 006.3 |
| Item number | RUS |
| Edition number | 22 |
| 100 10 - MAIN ENTRY--PERSONAL NAME | |
| Personal name | Russell, Stuart J. |
| Fuller form of name | (Stuart Jonathan) |
| 245 10 - TITLE STATEMENT | |
| Title | Artificial intelligence : |
| Remainder of title | a modern approach / |
| Statement of responsibility, etc | Stuart J. Russell and Peter Norvig. |
| 250 ## - EDITION STATEMENT | |
| Edition statement | 3rd ed. |
| 260 ## - PUBLICATION, DISTRIBUTION, ETC. (IMPRINT) | |
| Place of publication, distribution, etc | Boston : |
| Name of publisher, distributor, etc | Pearson Education, Inc. ; |
| Place of publication, distribution, etc | New Jersey : |
| Name of publisher, distributor, etc | Prentice Hall, |
| Date of publication, distribution, etc | c.2010. |
| 300 ## - PHYSICAL DESCRIPTION | |
| Extent | xviii, 1132 p. : |
| Other physical details | ill. ; |
| Dimensions | 26 cm. |
| 500 ## - GENERAL NOTE | |
| General note | Previous ed.: Upper Saddle River, N.J.: Prentice Hall, 2003. |
| 500 ## - GENERAL NOTE | |
| General note | "International edition." -- Cover. |
| 500 ## - GENERAL NOTE | |
| General note | Formerly CIP. |
| Institution to which field applies | Uk |
| 504 ## - BIBLIOGRAPHY, ETC. NOTE | |
| Bibliography, etc | Includes bibliographical references and index. |
| 650 #0 - SUBJECT ADDED ENTRY--TOPICAL TERM | |
| Topical term or geographic name as entry element | Artificial intelligence. |
| 653 ## - INDEX TERM--UNCONTROLLED | |
| Resource For college | Informatics and Computer Science |
| Arrived date list | March2015 |
| 655 ## - INDEX TERM--GENRE/FORM | |
| Form subdivision | |
| -- | 33728 |
| 700 1# - ADDED ENTRY--PERSONAL NAME | |
| Personal name | Norvig, Peter. |
| 942 ## - ADDED ENTRY ELEMENTS (KOHA) | |
| Source of classification or shelving scheme | Dewey Decimal Classification |
| Call number prefix | 006.3 RUS |
| Withdrawn status | Item status | Source of classification or shelving scheme | Damaged status | Not for loan | Vendor | Home library | Current library | Shelving location | Date acquired | Source of acquisition | Cost, normal purchase price | Total Checkouts | Full call number | Barcode | Date last seen | Cost, replacement price | Koha item type | Total Renewals | Date last borrowed | Checked out |
|---|---|---|---|---|---|---|---|---|---|---|---|---|---|---|---|---|---|---|---|---|
| Dewey Decimal Classification | Baccah | Central Library | Central Library | Lower Floor | 22/03/2015 | 270.00 | 006.3 RUS | 000037720 | 15/07/2025 | 337.50 | NB - Book (Non borrowing) | |||||||||
| Dewey Decimal Classification | Baccah | Central Library | Central Library | Lower Floor | 22/03/2015 | 270.00 | 4 | 006.3 RUS | 000037719 | 15/07/2025 | 337.50 | Book - Borrowing | 24 | 09/04/2019 | ||||||
| Dewey Decimal Classification | Baccah | Central Library | Central Library | Lower Floor | 22/03/2015 | 270.00 | 4 | 006.3 RUS | 000037718 | 17/02/2026 | 337.50 | Book - Borrowing | 96 | 17/02/2026 | 13/04/2026 | |||||
| Dewey Decimal Classification | Baccah | Central Library | Central Library | Lower Floor | 22/03/2015 | 270.00 | 3 | 006.3 RUS | 000037717 | 15/07/2025 | 337.50 | Book - Borrowing | 2 | 25/08/2016 | ||||||
| Dewey Decimal Classification | Baccah | Central Library | Central Library | Lower Floor | 22/03/2015 | 270.00 | 2 | 006.3 RUS | 000037716 | 15/07/2025 | 337.50 | Book - Borrowing | 2 | 07/03/2016 | ||||||
| Dewey Decimal Classification | Baccah | Central Library | Central Library | Lower Floor | 22/03/2015 | 270.00 | 2 | 006.3 RUS | 000037715 | 15/07/2025 | 337.50 | Book - Borrowing | 14 | 05/10/2019 |